Логистическая система управления финансами корпоративных структур: монография

Dettagli Bibliografici
Autore principale: Барыкин С. Е.
Riassunto:В книге изложен принципиально новый подход к использованию инструментов, применяемых в логистической науке для управления остатком денежных средств корпораций в рамках финансового планирования. Переработаны и систематизированы существующие в финансовом менеджменте модели управления остатком денежных средств, в том числе с учетом различных направлений инвес­тирования и привлечения кредитных ресурсов. Впервые проведена анатогия мо­делей расчета оптимальной партии заказа в цепях поставок и денежного запаса.Теоретические положения и практические выкладки, содержащиеся в данном издании, представляют интерес для специалистов в области логистики и финансового менеджмента, финансовых директоров, а также будут полезны студентам вузов экономической специализации.
Lingua:russo
Pubblicazione: Москва, Инфра-М, 2016
Serie:Научная мысль
Менеджмент
Soggetti:
Natura: MixedMaterials Libro
KOHA link:https://koha.lib.tpu.ru/cgi-bin/koha/opac-detail.pl?biblionumber=301373

MARC

LEADER 00000nam0a2200000 4500
001 301373
005 20231102001409.0
010 |a 9785160097978 
035 |a (RuTPU)RU\TPU\book\326545 
090 |a 301373 
100 |a 20150730d2016 k y0rusy50 ca 
101 0 |a rus 
102 |a RU 
105 |a a z 001zy 
200 1 |a Логистическая система управления финансами корпоративных структур  |e монография  |f С. Е. Барыкин 
210 |a Москва  |c Инфра-М  |d 2016 
215 |a 172 с.  |c ил. 
225 1 |a Научная мысль 
225 1 |a Менеджмент 
320 |a Библиогр.: с. 163-169. 
320 |a Глоссарий: с. 149. 
330 |a В книге изложен принципиально новый подход к использованию инструментов, применяемых в логистической науке для управления остатком денежных средств корпораций в рамках финансового планирования. Переработаны и систематизированы существующие в финансовом менеджменте модели управления остатком денежных средств, в том числе с учетом различных направлений инвес­тирования и привлечения кредитных ресурсов. Впервые проведена анатогия мо­делей расчета оптимальной партии заказа в цепях поставок и денежного запаса.Теоретические положения и практические выкладки, содержащиеся в данном издании, представляют интерес для специалистов в области логистики и финансового менеджмента, финансовых директоров, а также будут полезны студентам вузов экономической специализации. 
606 1 |a Корпоративные финансы  |2 stltpush  |3 (RuTPU)RU\TPU\subj\67857  |9 83505 
610 1 |a управление 
610 1 |a логистическая система 
610 1 |a классификация 
610 1 |a логистические потоки 
610 1 |a взаимодействия 
610 1 |a финансовые потоки 
610 1 |a денежные средства 
610 1 |a запасы 
610 1 |a модели 
610 1 |a материальные потоки 
610 1 |a корпоративные структуры 
610 1 |a распределение 
610 1 |a расчеты 
610 1 |a монографии 
686 |a У9(2)261.9  |v LBC/SL-A  |2 rubbk 
700 1 |a Барыкин  |b С. Е. 
801 1 |a RU  |b 63413507  |c 20150730 
801 2 |a RU  |b 63413507  |c 20151030  |g RCR 
900 |a Финансовый менеджмент 
900 |a Финансы, финансовая деятельность 
942 |c BK 
959 |a 92/20150730  |d 1  |e 500,00  |f ЧЗГЛ:1